000 00886nam a2200253Ia 4500
003 OSt
005 20220918112030.0
006 a|||||r|||| 00| 0
007 ta
008 220915b |||||||| |||| 00| 0 hin d
024 _a163670
037 _cTextbook
040 _bhin
_aARTS
_cARTS
041 _ahin
082 _aO15,1D40:g, 152L02 (TTPS)
100 _aशर्मा, देवीदत्त
_91722
245 0 _aकालिदास की कला और संस्कृति
246 _aKālidās kī kalā aur sanskṛuti
260 _aमेरठ
_bसाहित्य भण्डार भारत
_c1970
300 _a552पण्
_ccm.
650 _aहिन्दी साहित्य
942 _hO15,1D40:g, 152L02 (TTPS)
_cTB
_2CC
999 _c117965
_d117965